Adolescence : (Record no. 2444)

MARC details
000 -LEADER
fixed length control field 00840cam a22001814a 4500
020 ## - INTERNATIONAL STANDARD BOOK NUMBER
ISBN 0767416872
050 00 - CALL NUMBER
Classification number HQ796
Item number .C596
100 1# - AUTHOR
Personal name Cobb, Nancy J.
245 10 - TITLE
Title Adolescence :
Remainder of title continuity, change, and diversity /
Statement of responsibility, etc Nancy J. Cobb.
250 ## - EDITION
Edition statement 4th ed.
260 ## - PUBLICATION INFORMATION
Place of publication Mountain View, Calif. :
Name of publisher Mayfield,
Year of publication 2001.
300 ## - DESCRIPTION
Number of Pages xxxii, 598, 30, 2, 24, p. ;
Dimensions 25 cm.
505 ## - FORMATTED CONTENTS NOTE
Table of Content CHAPTER 1. Perspectives on Adolescence<br/>CHAPTER 2. Theorectical Foundations of Adolscence Development<br/>CHAPTER 3. The Biological Context of Development:Puberty<br/>CHAPTER 4. Cognitive Development: Processes and Transistions<br/>CHAPTER 5.Defining the self :Identity and Intimacy<br/>CHAPTER 6. The Sexual Self:Close Relationships in Early and Late Adolscence
650 #0 - SUBJECTS
Topical Term Adolescence.
650 #0 - SUBJECTS
Topical Term Adolescent psychology.
650 #0 - SUBJECTS
Topical Term Teenagers
942 ## - ADDED ENTRY ELEMENTS (KOHA)
Koha item type Books
Holdings
Withdrawn status Lost status Home library Current library Shelving location Date acquired Full call number Accession Number Copy number Koha item type
    Methodist University Library Tema Methodist University Library Tema General Stacks 08/02/2004 HQ796 .C596 21380 1 Books
    Methodist University Library Tema Methodist University Library Tema General Stacks 08/02/2004 HQ796 .C596 21381 2 Books
    Methodist University Library Tema Methodist University Library Tema General Stacks 08/02/2004 HQ796 .C596 21379 3 Books
Copyright © 2026  MUG Library